000 00331 a2200145 4500
001 172034
020 _a
040 _cMagnum
100 _aFerreira Neto, Edgard Leite
240 1 0 _aOs partidos politicos no brasil
_lpor
245 1 0 _aOs partidos politicos no brasil
362 0 _a1899
697 _aPARADIDATICO
942 _cBK
999 _c172034
_d172034